Pratiche commerciali scorrette e disciplina dell'attivit ̉negoziale

Bibliographic Details
Main Author: Tommasi, Sara
Format: eBook
Language:Italian
Published: Bari : Cacucci Editore, 2012
Subjects:
Online Access:http://www.vlex.com/source/11193

MARC

LEADER 00000nam a22000007a 4500
005 20130429155302.0
007 cr|||| ||||
008 130429e2012 it |||||s|||| 00||0 ita d
020 |a 9788866111665 
035 |a 11193 
040 |a vLex 
090 |c 4213  |d 4213 
100 1 0 |a Tommasi, Sara 
245 1 0 |a Pratiche commerciali scorrette e disciplina dell'attivit ̉negoziale  |c / Sara Tommasi   |h [Recurso electrn̤ico] 
256 |a Servicio en ln̕ea 
260 |a Bari :  |b Cacucci Editore,   |c 2012  
300 |a 1 Recurso electrn̤ico 
506 |d vLex Global  |d vLex Global (Academic Edition, excluding Law Schools)  |d vLex Global (U.S. Academic Edition, Law Schools)  |d vLex Global (U.S. Academic Edition, excluding Law Schools)  |d vLex Global (Academic Edition, Law Schools) 
650 0 4 |a Comercio 
650 0 4 |a Publicidad y relaciones pb︢licas 
650 0 4 |a Marketing 
650 0 4 |a Administracin̤ (Management) 
740 |a vLex Libros (Servicio en ln̕ea) 
856 |a Acceso restringido  |u http://www.vlex.com/source/11193 
942 |c BOOK 
999 0 |a Commerce